| 000 | 01234nam a2200349 i 4500 | ||
|---|---|---|---|
| 001 | 37536 | ||
| 003 | KOSZ 005 | ||
| 005 | 20221216142327.0 | ||
| 008 | 980223s1997 pl a |000 0 pol | ||
| 015 | _aPB 1512/98 | ||
| 020 | _a8323108714 | ||
| 040 |
_aWA N _cWA N _dKOSZ 005/HR |
||
| 046 | _k1997 | ||
| 080 | _a658.1/.5 | ||
| 080 | _a339.138 | ||
| 245 | 0 | 0 |
_aStrategie marketingowe w przedsiębiorstwie - praktyczne aspekty marketingu / _cpod red. Eulalii Skawińskiej ; Uniwersytet Mikołaja Kopernika w Toruniu. |
| 260 |
_aToruń : _bUMK, _c1997. |
||
| 300 |
_a73, [1] s. : _brys., 1 wykr. ; _c24 cm. |
||
| 336 |
_2rdacontent _aTekst _btxt |
||
| 337 |
_2rdamedia _aBez urządzenia pośredniczącego _bn |
||
| 338 |
_2rdacarrier _aWolumin _bnc |
||
| 380 | _aKsiążki | ||
| 388 | _a1901-2000 | ||
| 388 | _a1989-2000 | ||
| 650 | 4 | _aPrzedsiębiorstwo | |
| 650 | 4 | _aStrategia marketingowa | |
| 658 | _aZarządzanie i marketing | ||
| 700 | 1 |
_aSkawińska, Eulalia _d(1943- ) _eAutor |
|
| 710 | 2 |
_aWydawnictwo Naukowe Uniwersytetu Mikołaja Kopernika _4pbl |
|
| 856 |
_uhttp://koha.tu.koszalin.pl/cgi-bin/koha/opac-detail.pl?biblionumber=37536 _yKatalog online BPK |
||
| 942 |
_2UKD _cKS |
||
| 999 |
_c37536 _d37536 |
||